000 00370 a2200169 4500
001 195371
020 _a978-85-7406-339-3
040 _cMagnum
100 _aRocha, Ruth
240 1 0 _aSolta o sabiĆ”
_lpor
245 1 0 _aSolta o sabiĆ”
300 _a63
362 0 _a2008
440 1 _aCompanhia das Letrinhas
697 _aLITERATURA INFANTO-JUVENIL
942 _cBK
999 _c195371
_d195371